000 00631nam a2200241Ia 4500
003 OSt
005 20221007071506.0
006 a|||||r|||| 00| 0
007 ta
008 221006b |||||||| |||| 00| 0 eng d
024 _a25,297
037 _cTextual
040 _aFLL
_cFLL
_beng
041 _2eng
_aeng
082 _aZ3:891, L3
100 _aBorrie Gordon
_9686947
245 0 _aLaw of contempt
260 _aLondon
_bButterworths UK
_c1973
300 _axliv,401p
_ccm.
700 _a Lowe Nigel
_9688876
942 _hZ3:891, L3
_cTEXL
_2CC
999 _c1143499
_d1143499